| 000 | 00406nam a2200169Ia 4500 | ||
|---|---|---|---|
| 008 | 230524s9999 xx 000 0 und d | ||
| 020 | _a8192055833 | ||
| 082 |
_a658.4 _bRAT |
||
| 100 |
_aP C Ratha _942021 |
||
| 245 | 0 | _a Principles of Management | |
| 250 | _a1 | ||
| 260 |
_aNew Delhi _bSeven Sea pub _c2012 |
||
| 300 | _a239p; | ||
| 500 | _aQuantity Number: 1 | ||
| 650 | _aManagement | ||
| 942 | _cBK | ||
| 999 |
_c56434 _d56434 |
||